Nguyễn Trường Tộ con người và di thảo
Guardat en:
| Autor principal: | |
|---|---|
| Format: | Llibre |
| Publicat: |
Thành phố Hồ Chí Minh
Thành phố Hồ Chí Minh
1988
|
| Matèries: | |
| Etiquetes: |
Afegir etiqueta
Sense etiquetes, Sigues el primer a etiquetar aquest registre!
|
| Thư viện lưu trữ: | Trung tâm Học liệu Lê Vũ Hùng, Trường Đại học Đồng Tháp |
|---|
| LEADER | 00784pam a22002418a 4500 | ||
|---|---|---|---|
| 001 | 00041813 | ||
| 005 | 20180803100809.0 | ||
| 008 | 170503s2004 ||||||Viesd | ||
| 041 | 0 | # | |a Vie |
| 082 | 1 | 4 | |a 959.702 909 2 |b NG527TR |
| 100 | 1 | # | |a Trương, Bá Cần |
| 245 | 0 | 0 | |a Nguyễn Trường Tộ con người và di thảo |c Trương Bá Cần |
| 260 | # | # | |a Thành phố Hồ Chí Minh |b Thành phố Hồ Chí Minh |c 1988 |
| 300 | # | # | |a 513 tr. |c 21 cm. |
| 653 | # | # | |a Danh nhân |
| 653 | # | # | |a Vua |
| 653 | # | # | |a Lịch sử |
| 653 | # | # | |a Quần thần |
| 653 | # | # | |a Tư liệu |
| 653 | # | # | |a Việt Nam |
| 852 | # | # | |j KD.0024601 |
| 910 | |d 03/08/2018 | ||
| 980 | # | # | |a Trung tâm Học liệu Lê Vũ Hùng, Trường Đại học Đồng Tháp |